Finlandia (Record no. 2763)

MARC details
000 -CABECERA
campo de control de longitud fija 00743nam a2200181 a 4500
001 - NÚMERO DE CONTROL
campo de control BRCA_3027
005 - FECHA Y HORA DE LA ÚLTIMA TRANSACCIÓN
campo de control 20190320204056.0
008 - DATOS DE LONGITUD FIJA--INFORMACIÓN GENERAL
campo de control de longitud fija 280109s2000----fi-a---###---#000-0#fin-#
020 ## - NÚMERO INTERNACIONAL ESTÁNDAR DEL LIBRO
Número Internacional Estándar del Libro 9518952817
050 #4 - SIGNATURA TOPOGRÁFICA DE LA BIBLIOTECA DEL CONGRESO
Número de clasificación NK5157
Número de documento/Ítem .F56 2002
245 10 - MENCIÓN DE TÍTULO
Título Finlandia
Resto del título vanguardia en vidrio
Mención de responsabilidad, etc. traducción Leila Jokinen.
260 ## - PUBLICACIÓN, DISTRIBUCIÓN, ETC.
Lugar de publicación, distribución, etc. Hämeenlinna, Finlandia
Nombre del editor, distribuidor, etc. Museo del Vidrio de Finlandia
Fecha de publicación, distribución, etc. 2002
300 ## - DESCRIPCIÓN FÍSICA
Extensión 141 p.
Otras características físicas il. (algunas a color)
Dimensiones 22 cm.
500 ## - NOTA GENERAL
Nota general Catálogo de la exposición realizada en el Museo Franz Mayer (Ciudad de México), 22 octubre, 2002 - 12 enero, 2003 y en el Museo de Historia Mexicana (Monterrey), 5 febrero - 27 abril, 2003
650 14 - PUNTO DE ACCESO ADICIONAL DE MATERIA--TÉRMINO DE MATERIA
Término de materia o nombre geográfico como elemento de entrada Vidrio
Subdivisión cronológica Siglo XX
Subdivisión geográfica Finlandia
9 (RLIN) 3470
700 1# - PUNTO DE ACCESO ADICIONAL--NOMBRE DE PERSONA
Nombre de persona Jokinen, Leila
9 (RLIN) 8323
942 ## - ELEMENTOS DE PUNTO DE ACCESO ADICIONAL (KOHA)
Fuente del sistema de clasificación o colocación Library of Congress Classification
Tipo de ítem Koha Libros
Holdings
Estado de retiro Estado de pérdida Estado dañado No para préstamo Localización permanente Ubicación/localización actual Fecha de adquisición Total de préstamos Signatura topográfica completa Código de barras Fecha visto por última vez Precio válido a partir de Tipo de ítem Koha
El ejemplar forma parte de la colección y puede ser consultado según las políticas vigentes.       Biblioteca del Museo Franz Mayer (Rogerio Casas-Alatriste) Biblioteca del Museo Franz Mayer (Rogerio Casas-Alatriste) 20/01/2009   NK5157 .F56 2002 01414 22/03/2019 22/03/2019 Libros